书目信息 |
| 题名: |
世界地名翻译手册
|
|
| 作者: | 萧德荣 主编 | |
| 分册: | ||
| 出版信息: | 北京 知识出版社 1988.05 |
|
| 页数: | 1616页 | |
| 开本: | 26cm | |
| 丛书名: | ||
| 单 册: | ||
| 中图分类: | K91-62 | |
| 科图分类: | ||
| 主题词: | 地理--世界--手册 | |
| 电子资源: | ||
| ISBN: | 7-5015-0169-6 | |
| 000 | 00569nam0 2200193 45 | |
| 001 | 0409241546 | |
| 005 | 20050429113331.6 | |
| 010 | @a7-5015-0169-6@b精装@dCNY38.00 | |
| 100 | @a20040924d1988 km y0chiy0120 ea | |
| 101 | 0 | @achi |
| 105 | @a z 000yy | |
| 200 | 1 | @a世界地名翻译手册@AShi Jie Di Ming Fan Yi Shou Ce@f萧德荣等主编@FXiao De Rong Deng Zhu Bian |
| 210 | @a北京@c知识出版社@d1988.05 | |
| 215 | @a1616页@d26cm | |
| 606 | 0 | @a地理@x世界@x手册 |
| 690 | @aK91-62@v3 | |
| 701 | 0 | @a萧德荣@4主编 |
| 801 | @aCN@bPftUser@c20040924 | |
| 905 | @dK91-62@e62@f1@b236429 | |
| 世界地名翻译手册/萧德荣等主编.-北京:知识出版社,1988.05 |
| 1616页;26cm |
| ISBN 7-5015-0169-6(精装):CNY38.00 |
| ● |
| 相关链接 |
|
|
|
|
正题名:世界地名翻译手册
索取号:K91-62/62
 
预约/预借
| 序号 | 登录号 | 条形码 | 馆藏地/架位号 | 状态 | 备注 |
| 1 | 0214749 | 000804179 | 第二样本阅览室/ [索取号:K91-62/62] | 在馆 | |
| 2 | 0236420 | 001962415 | 工具书阅览室/ [索取号:K91-62/62] | 在馆 | |
| 3 | 0236429 | 002035675 | 密集书库/ [索取号:K91-62/62] | 在馆 |